SEPOSAL 2005: Seminario internacional de población y sociedad en América Latina

Uloženo v:
Podrobná bibliografie
Médium: Kniha
Jazyk:španělština
Vydáno: Salta Grupo de Estudios Socio-Demográficos 2007
Vydání:1a. ed
Témata:
Tagy: Přidat tag
Žádné tagy, Buďte první, kdo vytvoří štítek k tomuto záznamu!

MARC

LEADER 00000nam a2200000 a 4500
001 UCG4461
003 CL-VaPUC
005 20241018150337.0
008 101104e20070000ag 1 spa d
020 |a 9789879904121 
082 0 4 |a 304.6  |b SEP  |2 21 
245 1 0 |a SEPOSAL 2005: Seminario internacional de población y sociedad en América Latina 
250 |a 1a. ed 
260 |a Salta  |b Grupo de Estudios Socio-Demográficos  |c 2007 
300 |a 2 t 
583 |a last modification  |c 20190908 07:38:52  |k Rodrigo Vera 
650 0 0 |a Ciencias sociales   |9 256351 
650 0 0 |a Población  |9 257577 
650 0 0 |a Sociedad  |9 307903 
651 0 |a América Latina   |9 255027 
942 |c BK 
945 |a mfarfan  |d 20101104 00:00:00 
546 |a En Español 
536 |a Grupo de Estudios Socio-Demográficos 
536 |a GREDES 
536 |a Agencia Nacional de Promoción Científica y Tecnológica 
536 |a Fondo de Población de Naciones Unidas 
518 |p Seminario Internacional de Población y Sociedad en América Latina, 1, Salta-Argentina, 8 al 10 de junio de 2005 
999 |c 384585  |d 384583 
952 |0 0  |1 0  |4 0  |6 304_600000000000000_SEP_2007  |7 0  |8 A  |9 507391  |a BIBHIS  |b BIBHIS  |d 2020-01-23  |h t.1  |i 4731271  |o 304.6 SEP 2007  |p 4731271  |r 2025-01-20  |w 2020-01-23  |y BK  |k HIS 
952 |0 0  |1 0  |4 0  |6 304_600000000000000_SEP_2007  |7 0  |8 A  |9 507392  |a BIBHIS  |b BIBHIS  |d 2020-01-23  |h t.2  |i 473128K  |o 304.6 SEP 2007  |p 473128K  |r 2025-01-20  |w 2020-01-23  |y BK  |k HIS